000
00348nam a22000977a 4500
100
_a
कुमार,आचार्य कौशल
_9
73662
245
_a
योग समग्र जीवन की ओर
260
_a
इलाहाबाद
_b
मालविका प्रकाशन
_c
2018
650
_a
योग
_9
36752
942
_c
HIN
999
_c
64403
_d
64403